Evropské pedagogické fórum 2017 sborník příspěvků z mezinárodní vědecké konference : koncepce vzdělávání a psychologie : ročník 7., 27.-29.11.2017, Hradec Králové, Česká republika

Gespeichert in:
Bibliographische Detailangaben
Körperschaft: Evropské pedagogické fórum 2017 : koncepce vzdělávání a psychologie. Mezinárodní vědecká konference
Weitere Verfasser: Králík, Jiří, Pavelová, Ľuba, Cichoracki, Piotr
Format: Buch
Sprache:Tschechisch
Englisch
Veröffentlicht: Hradec Králové MAGNANIMITAS 2017
Ausgabe:1. vyd.
Schlagworte:
Tags: Tag hinzufügen
Keine Tags, Fügen Sie das erste Tag hinzu!

MARC

LEADER 00000nlm a2200000 4500
001 0239023
005 20240514124311.5
020 |a 978-80-87952-21-4 
041 0 |a cze 
041 0 |a eng 
044 |a CZ 
245 1 0 |a Evropské pedagogické fórum 2017  |b sborník příspěvků z mezinárodní vědecké konference : koncepce vzdělávání a psychologie : ročník 7., 27.-29.11.2017, Hradec Králové, Česká republika  |c editor: Jiří Králík 
250 |a 1. vyd. 
264 1 |a Hradec Králové  |b MAGNANIMITAS  |c 2017 
300 |a CD-ROM [300 s.] 
610 2 0 |a pedagogika 
610 2 0 |a vzdelávanie 
610 2 0 |a vyučovanie 
610 2 0 |a Česko 
610 2 0 |a Slovensko 
610 2 0 |a psychológia pedagogická 
610 2 0 |a história 
700 1 |a Králík, Jiří 
700 1 |a Pavelová, Ľuba 
700 1 |a Cichoracki, Piotr 
110 2 |a Evropské pedagogické fórum 2017 : koncepce vzdělávání a psychologie. Mezinárodní vědecká konference